Music Quiz

Random Music or Album Quiz

Elton John Studio Albums Quiz Stats

 Plays Quiz Updated Mar 14, 2018

Score 0/31 Timer 07:00
4 Plays Today
Year Album % Correct
1970Elton John
91.1%
1973Goodbye Yellow Brick Road
90.8%
1975Captain Fantastic and the Brown Dirt Cowboy
79.9%
1972Honky Château
79.5%
1971Madman Across the Water
78.9%
1973Don't Shoot Me I'm Only the Piano Player
78.5%
1970Tumbleweed Connection
77.8%
1969Empty Sky
77.7%
1974Caribou
77.4%
1992The One
73.2%
1975Rock of the Westies
72.1%
1976Blue Moves
71.7%
198021 at 33
71%
1981The Fox
70.7%
1978A Single Man
70.2%
1995Made in England
69.6%
Year Album % Correct
1982Jump Up!
68.9%
1983Too Low For Zero
68.8%
1988Reg Strikes Back
68.4%
1993Duets
67.7%
2006The Captain & the Kid
66.9%
1985Ice on Fire
66.9%
1986Leather Jackets
66.6%
2013The Diving Board
66.6%
2016Wonderful Crazy Night
65.9%
2004Peachtree Road
65.7%
1979Victim of Love
65.6%
2001Songs from the West Coast
65.3%
1984Breaking Hearts
64.2%
1989Sleeping with the Past
63.4%
1997The Big Picture
61.5%

You're not logged in!

Compare scores with friends on all Sporcle quizzes.
OR
Log In

Sporcle TV

Today on Sporcle TV


Watch our educational content, quiz creation guides, and fun videos on Sporcle TV.

Show Comments

Extras

Top Quizzes Today


Score Distribution

Your Account Isn't Verified!

In order to create a playlist on Sporcle, you need to verify the email address you used during registration. Go to your Sporcle Settings to finish the process.

Report this User

Report this user for behavior that violates our Community Guidelines.

Details: